[Event "CZE-chT2D 2223"]
[Site "Czech Republic"]
[Date "2023.03.05"]
[Round "10.8"]
[White "Stodola, Jakub"]
[Black "Steiner, Pavel"]
[Result "1-0"]
[WhiteElo "1759"]
[BlackElo "1717"]
[PlyCount "69"]
[EventDate "2022.10.16"]
[EventType "team-tourn"]
[EventRounds "11"]
[EventCountry "CZE"]
[SourceTitle "EXT 2024"]
[Source "ChessBase"]
[SourceDate "2023.10.10"]
[SourceVersion "1"]
[SourceVersionDate "2023.10.10"]
[SourceQuality "1"]
[WhiteTeam "Policka Stefanydes"]
[BlackTeam "Hradec Kralove Slavia"]
[WhiteTeamCountry "CZE"]
[BlackTeamCountry "CZE"]

1. d4 Nf6 2. Nc3 d5 3. Bf4 Bf5 4. f3 e6 5. g4 Bg6 6. h4 h6 7. e3 Bd6 8. Nh3 c5 9. Nb5 Bxf4 10. Nxf4 Bh7 11. dxc5 Qd7 12. Nd6+ Ke7 13. g5 Ne8 14. Nb5 hxg5 15. Ng2 gxh4 16. Rxh4 g5 17. Rg4 f6 18. c4 dxc4 19. Nd6 Bd3 20. Kf2 Nxd6 21. Rd4 Bxf1 22. Qxf1 Qb5 23. cxd6+ Kd7 24. Rxc4 Qxb2+ 25. Kg1 b6 26. Rac1 Na6 27. R4c2 Qa3 28. Qb5+ Kxd6 29. Rd1+ Ke7 30. Qd7+ Kf8 31. Rc8+ Rxc8 32. Qxc8+ Kg7 33. Rd7+ Kg6 34. Qxh8 Nc5 35. Qh7# 1-0

[Event "CZE-chT2D 2223"]
[Site "Czech Republic"]
[Date "2022.12.04"]
[Round "4.8"]
[White "Steiner, Pavel"]
[Black "Tuma, Jan"]
[Result "0-1"]
[WhiteElo "1717"]
[BlackElo "1993"]
[PlyCount "60"]
[EventDate "2022.10.16"]
[EventType "team-tourn"]
[EventRounds "11"]
[EventCountry "CZE"]
[SourceTitle "EXT 2024"]
[Source "ChessBase"]
[SourceDate "2023.10.10"]
[SourceVersion "1"]
[SourceVersionDate "2023.10.10"]
[SourceQuality "1"]
[WhiteTeam "Hradec Kralove Slavia"]
[BlackTeam "Chotebor"]
[WhiteTeamCountry "CZE"]
[BlackTeamCountry "CZE"]

1. d4 b5 2. Bf4 Bb7 3. e3 Nf6 4. Nf3 a6 5. Nbd2 e6 6. h3 d5 7. a4 b4 8. Be2 Nbd7 9. 0-0 Be7 10. c4 c5 11. Rc1 0-0 12. Bg3 Rc8 13. Re1 Ne4 14. Nxe4 dxe4 15. Ne5 Nb6 16. b3 f6 17. Ng4 Qe8 18. f3 Qg6 19. Bh2 Rfd8 20. Kh1 h5 21. Nf2 cxd4 22. exd4 e3 23. Ne4 f5 24. Ng3 Bh4 25. Nf1 Bxe1 26. Qxe1 Qg5 27. Qxb4 Rxd4 28. Qxb6 Rd7 29. Qxe6+ Rf7 30. f4 Qxg2# 0-1

[Event "Marianske Lazne op 18th"]
[Site "Marianske Lazne"]
[Date "2019.01.22"]
[Round "4"]
[White "Jiruse, Josef"]
[Black "Steiner, Pavel"]
[Result "1-0"]
[WhiteElo "2023"]
[BlackElo "1720"]
[PlyCount "35"]
[EventDate "2019.01.19"]
[EventType "swiss"]
[EventRounds "9"]
[EventCountry "CZE"]
[SourceTitle "CBM 188 Extra"]
[Source "ChessBase"]
[SourceDate "2019.02.26"]
[SourceVersion "1"]
[SourceVersionDate "2019.02.26"]
[SourceQuality "1"]

1. e4 c6 2. d4 d5 3. f3 e6 4. Nc3 Bb4 5. e5 c5 6. a3 Bxc3+ 7. bxc3 f6 8. f4 fxe5 9. dxe5 Nc6 10. Nf3 Nge7 11. Be2 Bd7 12. 0-0 Qc7 13. Be3 b6 14. Ba6 Bc8 15. Bd3 Bb7 16. Ng5 Bc8 17. Bxh7 Bd7 18. Qh5+ 1-0

[Event "CZE-chT2D 1213"]
[Site "Czech Republic"]
[Date "2012.12.16"]
[Round "5.8"]
[White "Torvenyi, Roman"]
[Black "Steiner, Pavel"]
[Result "1-0"]
[WhiteElo "2004"]
[BlackElo "1886"]
[PlyCount "163"]
[EventDate "2012.10.14"]
[EventType "team-tourn"]
[EventRounds "11"]
[EventCountry "CZE"]
[SourceTitle "EXT 2016"]
[Source "ChessBase"]
[SourceDate "2015.10.08"]
[SourceVersion "1"]
[SourceVersionDate "2015.10.08"]
[SourceQuality "1"]
[WhiteTeam "Polabiny III"]
[BlackTeam "Hradec Kralove II"]
[WhiteTeamCountry "CZE"]
[BlackTeamCountry "CZE"]

1. d4 d5 2. Nf3 Nf6 3. e3 Bg4 4. Nbd2 e6 5. c4 c5 6. Qb3 Qc7 7. cxd5 Nxd5 8. dxc5 Nd7 9. Bb5 N5f6 10. c6 bxc6 11. Qc4 Rc8 12. Ba6 Rb8 13. Qc2 Nc5 14. Be2 Bf5 15. Qc4 Rb4 16. Qc3 Ncd7 17. Nd4 c5 18. Nxf5 exf5 19. a3 Rb6 20. Nc4 Re6 21. Bf3 Ne4 22. Qc2 Be7 23. Nd2 Nxd2 24. Bxd2 g6 25. Bc3 Bf6 26. Bd5 Rd6 27. Rd1 0-0 28. 0-0 Rd8 29. Bc4 Ne5 30. Be2 Kg7 31. Qa4 Nc6 32. Qc4 Ne5 33. Qf4 Rxd1 34. Rxd1 Rxd1+ 35. Bxd1 Qe7 36. Be2 Qd6 37. h3 Qe7 38. Qa4 h6 39. Qd1 Qe6 40. Bb5 Qe7 41. Qd5 c4 42. Bxc4 Nxc4 43. Qxc4 Bxc3 44. Qxc3+ Kg8 45. b4 Qd7 46. Qc2 Qd6 47. Qc8+ Kh7 48. Qc5 Qd1+ 49. Kh2 Qa4 50. b5 Kg8 51. f4 Qa5 52. Qe7 Qb6 53. a4 Qa5 54. Qe8+ Kg7 55. Qe5+ Kg8 56. Qd4 h5 57. Qd1 Kf8 58. Kg3 Ke7 59. Qd4 Ke8 60. Kh4 Kf8 61. Kg5 Kg8 62. Kh6 Kf8 63. Qd5 Qc7 64. Qc6 Qa5 65. Qd7 Qb6 66. Qd4 Qa5 67. Qc5+ Ke8 68. Kg7 Qxa4 69. Qf8+ Kd7 70. Qxf7+ Kc8 71. Qe8+ Kb7 72. Qc6+ Kb8 73. Kxg6 Qb3 74. Qe8+ Kc7 75. Qc6+ Kb8 76. Qe8+ Kc7 77. Kxf5 Qd3+ 78. Kg5 Qe2 79. g4 hxg4 80. hxg4 Qc4 81. f5 Qd5 82. Qc6+ 1-0

[Event "CZE-chT2D 1213"]
[Site "Czech Republic"]
[Date "2012.11.04"]
[Round "2.8"]
[White "Steiner, Pavel"]
[Black "Kratky, Josef"]
[Result "0-1"]
[WhiteElo "1886"]
[BlackElo "1977"]
[PlyCount "54"]
[EventDate "2012.10.14"]
[EventType "team-tourn"]
[EventRounds "11"]
[EventCountry "CZE"]
[SourceTitle "EXT 2016"]
[Source "ChessBase"]
[SourceDate "2015.10.08"]
[SourceVersion "1"]
[SourceVersionDate "2015.10.08"]
[SourceQuality "1"]
[WhiteTeam "Hradec Kralove II"]
[BlackTeam "Ceska Trebova"]
[WhiteTeamCountry "CZE"]
[BlackTeamCountry "CZE"]

1. d4 e6 2. c4 Nf6 3. Nf3 c5 4. e3 d5 5. Nc3 Be7 6. Bd3 Nc6 7. dxc5 dxc4 8. Bxc4 Qxd1+ 9. Kxd1 Bxc5 10. a3 0-0 11. b4 Bd6 12. Ke2 Ne5 13. Nxe5 Bxe5 14. Bb2 Bd7 15. Rac1 Rac8 16. Bb3 Bc6 17. f3 Rfd8 18. Rhd1 Rxd1 19. Nxd1 Bxb2 20. Nxb2 Bxf3+ 21. Kd2 Ne4+ 22. Kd3 Rxc1 23. gxf3 Rc3+ 24. Kxe4 Rxb3 25. Nc4 b5 26. Nd6 Rxa3 27. Kd4 a5 0-1

[Event "CZE-chT2D 1213"]
[Site "Czech Republic"]
[Date "2012.10.14"]
[Round "1.8"]
[White "Volf, Jaroslav"]
[Black "Steiner, Pavel"]
[Result "0-1"]
[WhiteElo "2126"]
[BlackElo "1886"]
[PlyCount "108"]
[EventDate "2012.10.14"]
[EventType "team-tourn"]
[EventRounds "11"]
[EventCountry "CZE"]
[SourceTitle "EXT 2016"]
[Source "ChessBase"]
[SourceDate "2015.10.08"]
[SourceVersion "1"]
[SourceVersionDate "2015.10.08"]
[SourceQuality "1"]
[WhiteTeam "Usti nad Orlici"]
[BlackTeam "Hradec Kralove II"]
[WhiteTeamCountry "CZE"]
[BlackTeamCountry "CZE"]

1. e4 c6 2. d4 d5 3. Nc3 dxe4 4. Nxe4 Nd7 5. Nf3 Ngf6 6. Nxf6+ Nxf6 7. c3 Bg4 8. Be2 e6 9. h3 Bh5 10. 0-0 Qc7 11. Ne5 Bxe2 12. Qxe2 Bd6 13. Nc4 Be7 14. Re1 0-0 15. Qf3 Nd5 16. Ne3 Nxe3 17. Bxe3 Rfd8 18. Bf4 Bd6 19. Bxd6 Rxd6 20. Re5 Rad8 21. Rae1 Rd5 22. Qe2 Rxe5 23. Qxe5 Qxe5 24. Rxe5 g6 25. f4 Kf8 26. Kf2 Ke7 27. g4 f6 28. Re2 Rd5 29. Ke3 g5 30. h4 gxf4+ 31. Kxf4 h6 32. Rg2 Kf7 33. g5 hxg5+ 34. hxg5 Rf5+ 35. Ke4 fxg5 36. Rh2 Kg7 37. c4 Kg6 38. Rh8 g4 39. b4 Kg5 40. Rh7 b5 41. cxb5 cxb5 42. Rg7+ Kh4 43. Rg6 Rf8 44. Rh6+ Kg5 45. Rh7 a6 46. Ke3 g3 47. Ke2 Rf6 48. Rg7+ Kh4 49. Rh7+ Kg4 50. Rg7+ Kh3 51. Rh7+ Kg2 52. a3 Rf2+ 53. Ke1 Rf4 54. Rh6 Re4+ 0-1

[Event "Hradec Kralove op"]
[Site "Hradec Kralove"]
[Date "2012.05.15"]
[Round "5"]
[White "Steiner, Pavel"]
[Black "Meszaros, Ludek"]
[Result "0-1"]
[WhiteElo "1851"]
[BlackElo "2152"]
[PlyCount "92"]
[EventDate "2012.05.12"]
[EventType "swiss"]
[EventRounds "9"]
[EventCountry "CZE"]
[SourceTitle "CBM 148 Extra"]
[Source "ChessBase"]
[SourceDate "2012.06.22"]
[SourceVersion "1"]
[SourceVersionDate "2012.06.22"]
[SourceQuality "1"]

1. d4 g6 2. c4 Bg7 3. e4 d6 4. Nc3 Nf6 5. f3 0-0 6. Be3 Nc6 7. Bd3 a6 8. Nge2 Rb8 9. Qd2 Bd7 10. g4 Nb4 11. h4 Nxd3+ 12. Qxd3 b5 13. b3 c5 14. d5 bxc4 15. bxc4 Qa5 16. Kf2 Rb2 17. Rab1 Rfb8 18. Rxb2 Rxb2 19. Rb1 Nxg4+ 20. fxg4 Qxc3 21. Qxc3 Bxc3 22. Rxb2 Bxb2 23. Kf3 Ba4 24. Nc1 Bd1+ 25. Kg3 Bc2 26. Kf3 Bb1 27. a4 Bc2 28. a5 Bc3 29. g5 Bxa5 30. e5 Kf8 31. exd6 exd6 32. Bf4 Ke7 33. Bg3 Bd2 34. Bf4 Be1 35. Kg4 Bf5+ 36. Kf3 Bxh4 37. Ke2 f6 38. gxf6+ Bxf6 39. Nb3 Bc3 40. Bg5+ Kd7 41. Bd2 Bxd2 42. Kxd2 h5 43. Ke3 h4 44. Kf4 Kc7 45. Na5 Kb6 46. Nc6 a5 0-1

[Event "Hradec Kralove Sten op"]
[Site "Hradec Kralove"]
[Date "2011.05.15"]
[Round "9"]
[White "Steiner, Pavel"]
[Black "Malivanek, Jiri"]
[Result "0-1"]
[WhiteElo "1897"]
[BlackElo "2097"]
[PlyCount "94"]
[EventDate "2011.05.08"]
[EventType "swiss"]
[EventRounds "9"]
[EventCountry "CZE"]
[SourceTitle "CBM 142 Extra"]
[Source "ChessBase"]
[SourceDate "2011.06.27"]
[SourceVersion "1"]
[SourceVersionDate "2011.06.27"]
[SourceQuality "1"]

1. d4 Nf6 2. c4 e6 3. Nc3 d5 4. Bg5 Nbd7 5. e3 Be7 6. Nf3 0-0 7. Qc2 Re8 8. Bd3 dxc4 9. Bxc4 a6 10. 0-0 h6 11. Bh4 b5 12. Bd3 Bb7 13. Rac1 c5 14. Rfd1 Qb6 15. Ne4 c4 16. Nxf6+ Nxf6 17. Be2 Be4 18. Qd2 Bd5 19. Qe1 Qb7 20. Ne5 g5 21. Bg3 Bxg2 22. f3 Bh3 23. e4 Nh7 24. b3 f6 25. Ng4 Bxg4 26. fxg4 Ba3 27. Rb1 cxb3 28. Rxb3 Be7 29. Bf3 Rac8 30. d5 exd5 31. Re3 Bc5 32. Bf2 Bxe3 33. Qxe3 dxe4 34. Bg2 Nf8 35. Rd4 Rc4 36. Rd6 Re6 37. Rd2 Ng6 38. h4 Kg7 39. hxg5 hxg5 40. Rd8 Re7 41. Qd2 Nf4 42. Bf1 Rc8 43. Rd6 Rc6 44. Rd8 Qc7 45. Bd4 Nd3 46. Ra8 Qg3+ 47. Bg2 Rc1+ 0-1

[Event "Hradec Kralove op"]
[Site "Hradec Kralove"]
[Date "2010.05.18"]
[Round "4"]
[White "Kracik, Tomas"]
[Black "Steiner, Pavel"]
[Result "1-0"]
[WhiteElo "2082"]
[BlackElo "1912"]
[PlyCount "35"]
[EventDate "2010.05.15"]
[EventType "swiss"]
[EventRounds "9"]
[EventCountry "CZE"]
[SourceTitle "CBM 136 Extra"]
[Source "ChessBase"]
[SourceDate "2010.07.02"]
[SourceVersion "2"]
[SourceVersionDate "2010.07.15"]
[SourceQuality "1"]

1. e4 e5 2. Nf3 Nc6 3. Bc4 Be7 4. c3 Nf6 5. d3 0-0 6. 0-0 d5 7. exd5 Nxd5 8. Bb5 Bf6 9. Re1 Re8 10. Nbd2 Bd7 11. Ne4 a6 12. Bc4 Nb6 13. Bb3 Be7 14. Nfg5 Rf8 15. Qh5 h6 16. Nxf7 Rxf7 17. Bxf7+ Kh8 18. Bxh6 1-0